[Event "Mar del Plata op 39th"]
[Site "Mar del Plata"]
[Date "2008.03.17"]
[Round "4"]
[White "Fernandez, Jorge Daniel"]
[Black "Merlo, Carlos"]
[Result "1-0"]
[WhiteElo "2012"]
[BlackElo "2181"]
[PlyCount "87"]
[EventDate "2008.03.15"]
[EventType "swiss"]
[EventRounds "9"]
[EventCountry "ARG"]
[SourceTitle "CBM 123 Extra"]
[Source "ChessBase"]
[SourceDate "2008.05.06"]
[SourceVersion "1"]
[SourceVersionDate "2008.05.06"]
[SourceQuality "1"]

1. d4 d6 2. Nf3 g6 3. c4 Bg7 4. Nc3 e6 5. e4 Ne7 6. Be3 Nd7 7. Be2 b6 8. d5 e5 9. h4 Nf6 10. Nd2 h5 11. Nf3 Bg4 12. Ng5 Bxe2 13. Qxe2 Qd7 14. f3 Nh7 15. Nh3 0-0-0 16. Nf2 f5 17. b4 f4 18. Bd2 c5 19. bxc5 dxc5 20. a4 Kb7 21. Qd1 g5 22. Qb3 Rb8 23. Nd3 Kc8 24. Rb1 Rb7 25. a5 gxh4 26. a6 Rc7 27. Nb5 Ng6 28. Nxa7+ Rxa7 29. Qxb6 Qc7 30. Qxg6 Nf6 31. Rb5 Qe7 32. Rxc5+ Kb8 33. Qf5 Nd7 34. Rb5+ Ka8 35. Rb7 Rh6 36. Rxa7+ Kxa7 37. c5 Rxa6 38. d6 Qd8 39. Ke2 Nxc5 40. Rc1 Nxd3 41. Rc7+ Kb6 42. Qf7 Qg5 43. Rb7+ Kc5 44. Qd5# 1-0

[Event "Buenos Aires-chT Intercoop 30th"]
[Site "Buenos Aires"]
[Date "2004.09.04"]
[Round "3"]
[White "Radoszta, Armando Esteban"]
[Black "Fernandez, Jorge Daniel"]
[Result "1-0"]
[WhiteElo "2077"]
[BlackElo "2180"]
[PlyCount "89"]
[EventDate "2004.08.21"]
[EventType "team"]
[EventRounds "7"]
[EventCountry "ARG"]
[SourceTitle "CBM 102 Extra"]
[Source "ChessBase"]
[SourceDate "2004.11.03"]
[SourceVersion "1"]
[SourceVersionDate "2004.11.03"]
[SourceQuality "1"]

1. e4 c5 2. Nf3 e6 3. Nc3 a6 4. a4 Nc6 5. Bc4 Qc7 6. 0-0 Nf6 7. Re1 d6 8. d4 cxd4 9. Nxd4 Be7 10. Kh1 h5 11. Nxc6 Ng4 12. Qe2 bxc6 13. f4 Bb7 14. h3 d5 15. exd5 cxd5 16. Bd3 Bc5 17. Rf1 Kf8 18. Bd2 Re8 19. Rae1 Qb6 20. a5 Qa7 21. Nd1 e5 22. fxe5 Rxe5 23. Qf3 Bc6 24. b4 Rxe1 25. Bxe1 Ne5 26. Qf5 Nxd3 27. cxd3 Bd4 28. Qc8+ Be8 29. b5 Qe7 30. b6 Qe2 31. Bb4+ Kg8 32. Re1 Qxd3 33. Qxe8+ Kh7 34. Qxf7 Rd8 35. Qxh5+ Kg8 36. Qe2 Qg3 37. Qe7 Bf6 38. Qe6+ Kh8 39. Ne3 d4 40. Nf5 Qf2 41. Nd6 Rb8 42. b7 d3 43. Ne4 Qd4 44. Bc3 d2 45. Bxd2 1-0

[Event "Buenos Aires Intercoop 29th"]
[Site "Buenos Aires"]
[Date "2003.??.??"]
[Round "4"]
[White "Fernandez, Jorge Daniel"]
[Black "Escandell Mari, Juan Carlos"]
[Result "0-1"]
[WhiteElo "2180"]
[BlackElo "2304"]
[PlyCount "68"]
[EventDate "2003.08.23"]
[EventType "team"]
[EventRounds "7"]
[EventCountry "ARG"]
[SourceTitle "EXT 2004"]
[Source "ChessBase"]
[SourceDate "2003.11.25"]
[SourceVersion "1"]
[SourceVersionDate "2003.11.25"]
[SourceQuality "1"]

1. c4 Nf6 2. Nc3 d5 3. cxd5 Nxd5 4. g3 g6 5. Bg2 Nxc3 6. bxc3 Bg7 7. Nf3 0-0 8. 0-0 c5 9. d4 Nc6 10. e3 Be6 11. Ba3 cxd4 12. Nxd4 Bd5 13. Bxd5 Qxd5 14. Nxc6 Qxc6 15. Bxe7 Rfe8 16. Qd6 Qe4 17. Bh4 h6 18. g4 Qxg4+ 19. Bg3 Bxc3 20. Rab1 b6 21. Qf4 Qh3 22. Qf3 h5 23. Qg2 Qe6 24. Rb5 Qxa2 25. Rxh5 Bg7 26. Be5 Bxe5 27. Rxe5 Rxe5 28. Qxa8+ Kg7 29. f4 Rxe3 30. f5 gxf5 31. Qd8 Qe6 32. Kh1 Qc6+ 33. Kg1 Re2 34. Qg5+ Qg6 0-1

[Event "Mendoza-ch"]
[Site "Mendoza"]
[Date "2002.??.??"]
[Round "8"]
[White "Fernandez, Jorge Daniel"]
[Black "Luconi, Cristian"]
[Result "1/2-1/2"]
[WhiteElo "2180"]
[BlackElo "2115"]
[PlyCount "83"]
[EventDate "2002.02.13"]
[EventType "tourn"]
[EventRounds "8"]
[EventCountry "ARG"]
[SourceTitle "EXT 2003"]
[Source "ChessBase"]
[SourceDate "2002.11.25"]
[SourceVersion "1"]
[SourceVersionDate "2002.11.25"]
[SourceQuality "1"]

1. c4 Nf6 2. Nf3 e6 3. g3 d5 4. d4 c6 5. b3 Nbd7 6. Nc3 Be7 7. Bg2 0-0 8. 0-0 b6 9. Bb2 Bb7 10. Qc2 Rc8 11. Rad1 Qc7 12. Rfe1 Rfe8 13. e4 dxe4 14. Nxe4 Nxe4 15. Qxe4 c5 16. d5 Bf6 17. Qe2 Bxb2 18. Qxb2 exd5 19. cxd5 Rxe1+ 20. Nxe1 Qe5 21. Qd2 Rd8 22. f4 Qd6 23. Nc2 Nf6 24. Ne3 Ba6 25. Nf5 Qf8 26. d6 Kh8 27. Bc6 c4 28. b4 Bc8 29. Ne7 Bd7 30. Qd4 Ne8 31. Bxd7 Rxd7 32. Nf5 Rd8 33. Qxc4 g6 34. Qc3+ f6 35. Ne3 Rxd6 36. Re1 Qf7 37. f5 Qd7 38. Nc4 Rd1 39. fxg6 hxg6 40. Kf2 Qf5+ 41. Kg2 Qd5+ 42. Kf2 1/2-1/2

[Event "Mar del Plata-ch Primera"]
[Site "Mar del Plata"]
[Date "2001.10.05"]
[Round "9"]
[White "Forestani, Andres Luis"]
[Black "Fernandez, Jorge Daniel"]
[Result "1/2-1/2"]
[WhiteElo "2211"]
[BlackElo "2180"]
[PlyCount "101"]
[EventDate "2001.09.18"]
[EventType "swiss"]
[EventRounds "9"]
[EventCountry "ARG"]
[SourceTitle "EXT 2002"]
[Source "ChessBase"]
[SourceDate "2001.11.25"]
[SourceVersion "1"]
[SourceVersionDate "2001.11.25"]
[SourceQuality "1"]

1. e4 Nf6 2. Nc3 d5 3. exd5 Nxd5 4. Bc4 c6 5. Nf3 Bg4 6. 0-0 e6 7. Nxd5 cxd5 8. Bb5+ Nc6 9. h3 Bh5 10. c3 Bd6 11. d4 0-0 12. Re1 Rc8 13. Be2 Bb8 14. Ne5 Bxe2 15. Qxe2 Nxe5 16. dxe5 Rc4 17. Qd3 Qc7 18. Bd2 f5 19. f4 a6 20. Be3 Re4 21. g3 b5 22. Bd4 Ba7 23. Rxe4 fxe4 24. Qe3 Bxd4 25. Qxd4 Rc8 26. a4 Qc5 27. Qxc5 Rxc5 28. axb5 axb5 29. g4 b4 30. f5 exf5 31. gxf5 bxc3 32. Ra8+ Kf7 33. Ra7+ Kf8 34. Ra8+ Ke7 35. Ra7+ Kd8 36. bxc3 Rxc3 37. Rxg7 Rf3 38. f6 e3 39. Kg2 Rf2+ 40. Kg3 Rf1 41. e6 e2 42. e7+ Kd7 43. e8Q+ Kxe8 44. Re7+ Kd8 45. Rxe2 Rxf6 46. Re5 Rd6 47. Kf3 Kd7 48. Rh5 h6 49. Ke3 d4+ 50. Kd3 Kc6 51. Rh4 1/2-1/2